00459 a2200181 4500260001300000100002100013700001700034700001900051700001800070260003200088245004300120300001500163650002400178260000900202300001500211130000700226440004400233 aNew York aESMAN, Milton J.1 aCOLLE, Royal1 aUPHOFF, Norman1 aTAYLOR, ELlen bRural development Committee aParaprofessionals in rural development aVIII-149p. aDEVELOPPEMENT RURAL c1980 bcouv. ill. lEn aPeasant and Bullock by CHUAH THEAH TENG